Những thuật ngữ dùng trong kinh doanh Nhật - Anh - Viêt, Anh - Nhật - Việt
Tổng hợp các thuật ngữ thông dụng trong kinh doanh bằng cả 4 thứ ngôn ngữ: Từ Trung-Nhật-Anh-Việt, hoặc Anh-Trung-Nhật-Việt.
Đã lưu trong:
| Tác giả chính: | |
|---|---|
| Định dạng: | Sách |
| Năm xuất bản: |
H.
Khoa học và kỹ thuật
2004
|
| Chủ đề: | |
| Tags: |
Thêm thẻ
Không có thẻ, Hãy là người đầu tiên gắn thẻ bản ghi này!
|
| LEADER | 01974nam a2200277 4500 | ||
|---|---|---|---|
| 999 | |c 4373 |d 4373 | ||
| 082 | |a 423 |b NG527TH | ||
| 100 | |a Nguyễn Thị Thanh Thu | ||
| 245 | |a Những thuật ngữ dùng trong kinh doanh Nhật - Anh - Viêt, Anh - Nhật - Việt |c Nguyễn Thị Thanh Thu, Trần Thị Ái Vy | ||
| 260 | |a H. |b Khoa học và kỹ thuật |c 2004 | ||
| 300 | |a 271 tr. |c 21 cm | ||
| 520 | |a Tổng hợp các thuật ngữ thông dụng trong kinh doanh bằng cả 4 thứ ngôn ngữ: Từ Trung-Nhật-Anh-Việt, hoặc Anh-Trung-Nhật-Việt. | ||
| 653 | |a Ngôn ngữ | ||
| 653 | |a Tiếng Nhật | ||
| 653 | |a Tiếng Anh | ||
| 653 | |a Tiếng Việt | ||
| 653 | |a Sách tra cứu | ||
| 942 | |2 ddc |c STK0 | ||
| 952 | |0 0 |1 0 |2 ddc |4 0 |6 423_000000000000000_NG527TH |7 0 |8 400 |9 43420 |a qbu |b qbu |c D4 |d 2014-12-19 |g 27000 |o 423 NG527TH |p 2775.c1 |r 0000-00-00 |w 2014-12-19 |y STK0 | ||
| 952 | |0 0 |1 0 |2 ddc |4 0 |6 423_000000000000000_NG527TH |7 0 |8 400 |9 43421 |a qbu |b qbu |c D4 |d 2014-12-19 |g 27000 |o 423 NG527TH |p 2775.c2 |r 0000-00-00 |w 2014-12-19 |y STK0 | ||
| 952 | |0 0 |1 0 |2 ddc |4 0 |6 423_000000000000000_NG527TH |7 0 |8 400 |9 43422 |a qbu |b qbu |c D4 |d 2014-12-19 |g 27000 |o 423 NG527TH |p 2775.c3 |r 0000-00-00 |w 2014-12-19 |y STK0 | ||
| 952 | |0 0 |1 0 |2 ddc |4 0 |6 423_000000000000000_NG527TH |7 0 |8 400 |9 43423 |a qbu |b qbu |c D4 |d 2014-12-19 |g 27000 |o 423 NG527TH |p 2775.c4 |r 0000-00-00 |w 2014-12-19 |y STK0 | ||
| 952 | |0 0 |1 0 |2 ddc |4 0 |6 423_000000000000000_NG527TH |7 0 |8 400 |9 43424 |a qbu |b qbu |c D4 |d 2014-12-19 |g 27000 |o 423 NG527TH |p 2775.c5 |r 0000-00-00 |w 2014-12-19 |y STK0 | ||
| 952 | |0 0 |1 0 |2 ddc |4 0 |6 423_000000000000000_NG527TH |7 0 |8 400 |9 43425 |a qbu |b qbu |c D4 |d 2014-12-19 |g 27000 |o 423 NG527TH |p 2775.c6 |r 0000-00-00 |w 2014-12-19 |y STK0 | ||
| 952 | |0 0 |1 0 |2 ddc |4 0 |6 423_000000000000000_NG527TH |7 0 |8 400 |9 43426 |a qbu |b qbu |c D4 |d 2014-12-19 |g 27000 |o 423 NG527TH |p 2775.c7 |r 0000-00-00 |w 2014-12-19 |y STK0 | ||
| 952 | |0 0 |1 0 |2 ddc |4 0 |6 423_000000000000000_NG527TH |7 0 |8 400 |9 43427 |a qbu |b qbu |c D4 |d 2014-12-19 |g 27000 |o 423 NG527TH |p 2775.c8 |r 0000-00-00 |w 2014-12-19 |y STK0 | ||